000 00638nam a2200229Ia 4500
003 OSt
005 20220923230740.0
006 a|||||r|||| 00| 0
007 ta
008 Pun
024 _a305,263
037 _cTextual
040 _aARTS
_cARTS
_bPun
041 _2Pun
_aPun
082 _aQ8441:33:g, 153L0
100 _aਨਾਗ, ਈFਰ ਸਿੰਘ
_9169158
245 0 _aਵਸਾਖ ਨਹੀ੍ਵ - ਕਤੱਕ
_b ਗੁਰੂ ਨਾਨਕ ਅਵਤਾਰ
260 _c1970
650 _aਧਰਮ
942 _hQ8441:33:g, 153L0
_cTEXL
_2CC
999 _c387066
_d387066